000 00680nam a2200241 a 4500
001 BRCA_5690
005 20190320205200.0
008 020311s1944----mx-a######---#000-0#spa-#
041 _aspa
044 _amx
050 4 _aF1230.M3
_b.K78 1944
100 1 _aKrüger, Hilde
_914453
245 1 0 _aMalinche o el adiós a los mitos
_cHilde Krüger.
260 _aMéxico
_bCultura
_c1944
300 _a91 p.
_bil.
_c17 cm.
500 _aIncluye nota con dedicatoria de la autora al Sr. Franz Mayer
500 _aH11
650 1 4 _aHistoria
_zMéxico
_910416
650 1 4 _aCortes, Hernan
_y1485-1547
_914454
650 1 4 _aMarina
_y1505-1530
_914455
902 _aGFM
942 _2lcc
_cB
999 _c5383
_d5383